Quizzes
Events
Quiz Creation
Community
Videos
Private Events
Remove Ads
Sign In
Join for FREE
Feedback
Dark Mode
Quiz Categories
Sports
Geography
Music
Movies
Television
Just For Fun
Miscellaneous
History
Literature
Language
Science
Gaming
Entertainment
Religion
Holiday
For Kids
Quiz Lab
Recent
Popular Today
Quiz Kudos Today
Editor Picks
Curator Picks
Quizzes by...
Day
Popularity
Type
Ratings
Length
Year
Community
Subscriptions
Recent Discussions
Orange Saloon
Badges
Playlists
Quests
Create
Leaderboards
Showdown
Live 5
Trivia Bingo
Activity
Puzzle Library
Sporcle Events
Private Events
Virtual Trivia
Globe League
Become a Host
Pub Owners
SporcleCon
Opinionation
Our Games
Videos
Blog
Mobile Apps
Partnerships
Remove Ads and Go Orange
Feedback
Sports
Athletes
MLB
NBA
NHL
NFL
Soccer
Sports Teams
WWE
NCAA
Football
Premier League
Basketball
Baseball
Hockey
Golf
Tennis
Cricket
Rugby
Auto Racing
Olympics
World Cup
Sports
Athletes
MLB
NBA
NHL
NFL
Soccer
Sports Teams
WWE
NCAA
Football
Premier League
Basketball
Baseball
Hockey
Golf
Tennis
Cricket
Rugby
Auto Racing
Olympics
World Cup
Random Quiz
Search Sporcle
×
Quiz Lab
Quiz Lab
Sports
Premier League
Type in answers that appear in a list
Type in answers that appear in a list
Classic
Best Score? Go Orange.
Every player to have been relegated 3 times or more Stats
Can you name every single player to have been relegated from the Premier League three times or more?
By
SquawkaFootball
18m
56 Questions
444 Plays
444 Plays
444 Plays
Comments
Comments
Give Quiz Kudos
Give Quiz Kudos
-
- Ratings
hide this ad
More Info
Replay
Link that replays current quiz
Next Quiz
Link to next quiz in quiz playlist
You Got
0%
They Got
Avg Score
13%
Avg Friend Score
Upgrade to see
Score Distribution
Jump to the score distribution portion of the page
Score
0/56
Timer
18:00
0
Plays Today
Number
Player
% Correct
4
Sébastien Bassong
59.9%
3
Andy Johnson
43.7%
3
Damien Johnson
43.5%
4
Robert Green
35.8%
3
Tommy Smith
35.1%
3
Paul Smith
35.1%
3
David Dunn
33.1%
4
Marcus Bent
32.7%
3
Darren Bent
32.2%
3
Scott Parker
27.9%
3
Kevin Phillips
24.5%
3
Jimmy Phillips
24.1%
3
Maik Taylor
23.2%
3
Martin Taylor
23%
5
Hermann Hreidarsson
22.7%
3
DJ Campbell
18.9%
3
Paul Robinson
17.6%
3
Damien Duff
15.8%
3
Brian Murphy
14.9%
3
Stephen Hunt
13.7%
5
Nathan Blake
13.5%
4
Ashley Ward
13.5%
3
Gavin Ward
12.4%
3
Muzzy Izzet
12.2%
4
Nigel Quashie
11.7%
3
Scott Carson
10.6%
3
Shaun Wright-Phillips
9.7%
3
Jordan Stewart
9%
Number
Player
% Correct
3
Jody Craddock
8.1%
3
David Hoilett
6.5%
3
Jordon Mutch
6.3%
3
Richard Shaw
6.1%
3
Mark Crossley
5.6%
4
Andy Todd
4.7%
3
Paul Dickov
4.7%
3
Ian Woan
4.3%
3
Julio Arca
4.3%
3
Damien Francis
3.4%
3
Gary Breen
3.4%
3
Dean Gordon
3.2%
3
Ben Thatcher
3.2%
3
Neil Clement
3.2%
4
Marc Edworthy
2.7%
3
Keith Gillespie
2.5%
3
Neil Shipperley
2.3%
3
Mikele Leigertwood
2.3%
3
Tyrone Mears
2.3%
3
Des Lyttle
2%
3
Neil Cox
1.8%
3
John Salako
1.4%
3
Craig Hignett
1.4%
3
Callum Davidson
1.4%
3
Keith Branagan
0.7%
3
Carlo Nash
0.7%
3
George Ndah
0.2%
3
David Tuttle
0.2%
Quiz Playlist
Details
Report
Send in Message
Add To Playlist
More Info:
Relegations when out on loan at another club don't count. Relegations when at a club on loan do count.
Classic:
Type in answers that appear in a list
Last Updated: Feb 16, 2017
Quiz Scoreboard
CHALLENGE
Sign Up to Join the Scoreboard
Show All
Scores
Hide
Comments
May contain spoilers
Recently Published
College Basketball Coaching Resumes
by pancakes188
Sports
9m
Billboard Blitz: Fleetwood Mac
by CooCooCachoo
Music
15s
Presidents Visiting Landmarks
by Hejman
History
7m
More to Explore
Quiz From the Vault
Featured Blog Post
Where Did the Easter Bunny Come From?
hide this ad
You Might Also Like...
Tags
Premier League Quiz
last
League
Player
Premier
Relegated
relegation
Single
three
Today's Top Quizzes in Sports
Browse Sports
hide this ad
Today's Top Quizzes in Premier League
Browse Premier League
Top Contributed Quizzes in Sports
1
Les meilleurs buteurs des matchs entre le PSG et l’OM
2
2022 World Cup Stars
3
FIFA Club World Cup Champions
4
Les entraîneurs de l'OM et du PSG au 21e siècle
5
Criteria MLB: Left Handed Sluggers
6
AFC Teams Reveal (Wrong Answers Minefield)
7
5-to-1: UK Sports Teams
8
Name the Premier League winners with different clubs
9
5-to-1: FBS Animal Nicknames
10
Players with Multiple 50 Home Run Seasons
Explore More
Trending Topics
Crossword
Anime
Harry Potter
Disney
NBA
Kpop
Marvel
The Office
Song
NFL
Pokémon
Puzzle
Soccer
Country
WWE
hide this ad
More By:
SquawkaFootball
Quiz
Plays
Rating
Category
Featured
Created
Barcelona top 25 most expensive signings
100,197
4.00
Sports
Jul 21, 2016
Ballon d'Or top three since 2000
87,688
4.53
Sports
Nov 30, 2015
Premier League record signings
60,346
1.60
Sports
Feb 1, 2017
Top 20 Most Expensive Manchester United Transfers
54,679
4.21
Sports
Jun 27, 2016
Premier League clean sheets
52,574
1.43
Sports
Mar 8, 2020
Go to Creator's Profile
Score Distribution
Quiz Creator Spotlight
SquawkaFootball
Follow
Send a Message
Quizzes Created
-
Created Quiz Play Count
-
More By This Creator
Popular Quizzes Today
1
Find the US States - No Outlines Minefield
2
Find the Countries of Europe - No Outlines Minefield
3
The Countries of the World
4
Find the US States
5
Risky Map Clicking: Biggest States A-Z
6
US States
7
Popular People in 1961
8
Movies - When Are They Set?
More Sports Quizzes
Summer Olympics Cities by Logo
Editor's Pick
Trending Quizzes
Risky Map Clicking: Least Populous States A-Z
1-10 Letter G Words
1-10 Letter F Words
Risky Map Clicking: Next State Alphabetically
Click the Washington State Counties! (Map)
Recently Updated
Leaping Animals
pecheneg
Reality TV Shows (A-Z)
bhenderson79
Rickey Henderson's Hall of Fame Teammates
pecheneg
Champions League XIs: Arsenal
pecheneg
Quick Pick: Celebrities in WWE's Hall of Fame
aduchscher
A-Z Keypad Blitz II
pecheneg
Multiple Oscar Actors
pecheneg
Mystery Phrase Blitz: Oscar 'Best Actors'
pecheneg
F. Scott Fitzgerald Novels
LTH
Pick 3 Villains
ddd62291
Trending Topics
Anime
NBA
Crossword
Kpop
Marvel
Disney
Harry Potter
NFL
WWE
Country
Puzzle
Song
Pokémon
Soccer
The Office
Your Account Isn't Verified!
In order to create a playlist on Sporcle, you need to verify the email address you used during registration. Go to your
Sporcle Settings
to finish the process.
Report this User
Report this user for behavior that violates our
Community Guidelines
.
Details:
Send Report
Go to the Sporcle.com Mobile Site →
Comments